000 01155cam a2200361 a 4500
001 3538312
003 OSt
005 20240710092149.0
008 961202m19009999enkak b 001 0 eng d
010 _a 96225096
015 _aGB96-79813
020 _a0415124301 (hbk)
020 _a041512431X (pbk)
020 _z9781134803774
_qebook
035 _a(OCoLC)35829289
040 _cMUST
042 _alccopycat
043 _ad------
082 0 0 _a338.9
_222
100 _aHulme, David
_97401
245 0 0 _aFinance against poverty /
_c David Hulme and Paul Mosley.
260 _aLondon ;
_aNew York :
_bRoutledge,
_c<1996- >
300 _axvii,221p.
_bill. ;
_c24 cm.
504 _aIncludes bibliographical references and index.
650 0 _aPoverty
_98
700 1 _aHulme, David.
_97401
700 1 _aMosley, Paul.
_918581
856 4 2 _3Publisher description
_uhttp://www.loc.gov/catdir/enhancements/fy0649/96225096-d.html
906 _a7
_bcbc
_ccopycat
_d2
_encip
_f19
_gy-gencatlg
942 _2ddc
_cO_SHELF
999 _c9129
_d9129